[Event "Monmouth op"]
[Site "Monmouth"]
[Date "2004.07.??"]
[Round "4"]
[White "Hodgson, Julian M"]
[Black "Cunliffe, Steve D"]
[Result "1-0"]
[WhiteElo "2609"]
[BlackElo "2029"]
[PlyCount "49"]
[EventDate "2004.??.??"]
[EventType "swiss"]
[EventRounds "5"]
[EventCountry "WLS"]
[SourceTitle "EXT 2007"]
[Source "ChessBase"]
[SourceDate "2006.11.23"]
[SourceVersion "1"]
[SourceVersionDate "2006.11.23"]
[SourceQuality "1"]

1. d4 d5 2. Bg5 c6 3. Nf3 Bf5 4. c4 h6 5. Bh4 Qb6 6. Qd2 e6 7. c5 Qc7 8. Bg3 Qd8 9. Nc3 Nf6 10. e3 Nbd7 11. h3 Ne4 12. Nxe4 Bxe4 13. Be2 Be7 14. 0-0 0-0 15. b4 Bf6 16. b5 Bxf3 17. Bxf3 e5 18. Rab1 exd4 19. exd4 Bg5 20. Qd3 Qa5 21. bxc6 bxc6 22. Rb7 Nf6 23. h4 Qd2 24. Rd1 Qxd3 25. Rxd3 1-0

[Event "Monmouth op"]
[Site "Monmouth"]
[Date "2004.07.??"]
[Round "2"]
[White "Taylor, Robert Graham"]
[Black "Hodgson, Julian M"]
[Result "0-1"]
[WhiteElo "2047"]
[BlackElo "2609"]
[PlyCount "40"]
[EventDate "2004.??.??"]
[EventType "swiss"]
[EventRounds "5"]
[EventCountry "WLS"]
[SourceTitle "EXT 2007"]
[Source "ChessBase"]
[SourceDate "2006.11.23"]
[SourceVersion "1"]
[SourceVersionDate "2006.11.23"]
[SourceQuality "1"]

1. e4 g6 2. d4 Bg7 3. f4 d5 4. e5 Nh6 5. c4 c6 6. cxd5 cxd5 7. Nc3 0-0 8. Be2 Nc6 9. Bf3 e6 10. g4 f6 11. Be3 fxe5 12. fxe5 Nf7 13. Nh3 Qb6 14. Qd2 Nfxe5 15. dxe5 d4 16. Bxc6 dxe3 17. Qe2 bxc6 18. 0-0-0 Ba6 19. Qc2 e2 20. Rd2 Rf1+ 0-1

[Event "Bundesliga 0203"]
[Site "Germany"]
[Date "2003.01.11"]
[Round "8.5"]
[White "Dinstuhl, Volkmar"]
[Black "Hodgson, Julian M"]
[Result "1/2-1/2"]
[WhiteElo "2416"]
[BlackElo "2608"]
[PlyCount "74"]
[EventDate "2002.10.19"]
[EventType "team-tourn"]
[EventRounds "15"]
[EventCountry "GER"]
[SourceTitle "CBM 093"]
[Source "ChessBase"]
[SourceDate "2003.04.01"]
[SourceVersion "1"]
[SourceVersionDate "2003.04.01"]
[SourceQuality "1"]
[WhiteTeam "Wattenscheid"]
[BlackTeam "Luebeck"]
[WhiteTeamCountry "GER"]
[BlackTeamCountry "GER"]

1. d4 d5 2. c4 c6 3. Nf3 Nf6 4. e3 Bg4 5. h3 Bxf3 6. Qxf3 e6 7. Nc3 Nbd7 8. Bd2 Bb4 9. Bd3 Nb6 10. cxd5 cxd5 11. Qd1 0-0 12. Qb3 Bd6 13. 0-0 Rc8 14. Rfc1 Bb8 15. Na4 Nxa4 16. Qxa4 a6 17. Rxc8 Qxc8 18. Rc1 Qd8 19. Ba5 Qd6 20. g3 Re8 21. Bb4 Qd8 22. Ba5 Qe7 23. Bb4 Bd6 24. Bxd6 Qxd6 25. Qc2 Qb6 26. Qc3 g6 27. b4 Rd8 28. a4 Ne8 29. Qc5 Qd6 30. Kg2 Kf8 31. a5 Qe7 32. b5 axb5 33. Qxb5 Nd6 34. Qb6 Nc8 35. Qb3 Nd6 36. Qb6 Nc8 37. Qb3 Nd6 1/2-1/2

[Event "Bundesliga 0102"]
[Site "Germany"]
[Date "2001.11.25"]
[Round "4.3"]
[White "Hodgson, Julian M"]
[Black "Schandorff, Lars"]
[Result "0-1"]
[WhiteElo "2581"]
[BlackElo "2551"]
[PlyCount "112"]
[EventDate "2001.10.06"]
[EventType "team-tourn"]
[EventRounds "15"]
[EventCountry "GER"]
[SourceTitle "CBM 087"]
[Source "ChessBase"]
[SourceDate "2002.03.21"]
[SourceVersion "1"]
[SourceVersionDate "2002.03.21"]
[SourceQuality "1"]
[WhiteTeam "Luebeck"]
[BlackTeam "Werder Bremen"]
[WhiteTeamCountry "GER"]
[BlackTeamCountry "GER"]

1. d4 d5 2. Bg5 h6 3. Bh4 c6 4. Nf3 Qb6 5. Qc1 g5 6. Bg3 g4 7. Ne5 Qxd4 8. c4 Bg7 9. e3 Qc5 10. Nd2 Nd7 11. Nd3 Qb6 12. a4 Nc5 13. cxd5 Nxd3+ 14. Bxd3 cxd5 15. Bb5+ Kf8 16. 0-0 a6 17. e4 Be6 18. exd5 Bxd5 19. Bc4 Rc8 20. Bxd5 Rxc1 21. Raxc1 Bxb2 22. Rc8+ Kg7 23. Nc4 Qb4 24. Rb1 Nf6 25. Rxh8 Kxh8 26. Bxf7 Kg7 27. Be6 Qxa4 28. Nxb2 Qc2 29. Ba2 a5 30. Be5 a4 31. Rd1 a3 32. Bb1 Qe2 33. Bc3 axb2 34. Re1 Qc4 35. Bxb2 Kf7 36. Bf5 b5 37. h3 gxh3 38. Bxh3 Ne4 39. Bf5 Nd6 40. Bh7 Qb4 41. Re2 Nc4 42. Bh8 Qd6 43. Bc2 Qb8 44. Bd4 Qd6 45. Bh8 Kg8 46. Bc3 Qa3 47. Be1 Kf7 48. Be4 e6 49. Bf3 b4 50. Bg4 e5 51. f4 Qa1 52. Bf3 b3 53. Bd5+ Kg7 54. Kh2 Qd4 55. Be4 exf4 56. Bf2 Ne3 0-1

[Event "Bundesliga 0102"]
[Site "Germany"]
[Date "2001.11.24"]
[Round "3.3"]
[White "Hochgraefe, Markus"]
[Black "Hodgson, Julian M"]
[Result "0-1"]
[WhiteElo "2334"]
[BlackElo "2581"]
[PlyCount "58"]
[EventDate "2001.10.06"]
[EventType "team-tourn"]
[EventRounds "15"]
[EventCountry "GER"]
[SourceTitle "EXT 2003"]
[Source "ChessBase"]
[SourceDate "2002.11.25"]
[SourceVersion "1"]
[SourceVersionDate "2002.11.25"]
[SourceQuality "1"]
[WhiteTeam "Hamburg Koenigsspringer"]
[BlackTeam "Luebeck"]
[WhiteTeamCountry "GER"]
[BlackTeamCountry "GER"]

1. Nf3 d6 2. d4 Bg4 3. c4 Nd7 4. e4 e5 5. Be2 Be7 6. Nc3 Bxf3 7. Bxf3 exd4 8. Qxd4 Bf6 9. Qd2 Ne7 10. b3 0-0 11. Bb2 Nc6 12. 0-0 Nc5 13. Rab1 Re8 14. Rfe1 a5 15. Ba1 Nb4 16. Re2 Nbd3 17. g3 a4 18. b4 Ne5 19. Bg2 Nxc4 20. Qd1 Ne6 21. Nxa4 Na3 22. Rc1 Bxa1 23. Rxa1 Qf6 24. Rc1 Nb5 25. e5 dxe5 26. Bxb7 Red8 27. Bxa8 Rxd1+ 28. Rxd1 Ned4 29. Re3 Qa6 0-1

[Event "BCF-ch 30'"]
[Site "Bradford"]
[Date "2001.10.21"]
[Round "9"]
[White "Hodgson, Julian M"]
[Black "Pert, Richard G"]
[Result "1-0"]
[WhiteElo "2589"]
[BlackElo "2302"]
[PlyCount "45"]
[EventDate "2001.10.20"]
[EventType "swiss (rapid)"]
[EventRounds "11"]
[EventCountry "ENG"]
[SourceTitle "EXT 2002"]
[Source "ChessBase"]
[SourceDate "2001.11.25"]
[SourceVersion "1"]
[SourceVersionDate "2001.11.25"]
[SourceQuality "1"]

1. d4 Nf6 2. Bg5 c5 3. d5 Qb6 4. Nc3 Qxb2 5. Bd2 Qb6 6. e4 d6 7. f4 Bg4 8. Be2 Bxe2 9. Qxe2 a6 10. Rb1 Qc7 11. e5 dxe5 12. fxe5 Nfd7 13. Nf3 e6 14. 0-0 exd5 15. e6 fxe6 16. Qxe6+ Be7 17. Nxd5 Qd6 18. Ng5 Nc6 19. Nc7+ Qxc7 20. Qf7+ Kd8 21. Ne6+ Kc8 22. Nxc7 Kxc7 23. Bf4+ 1-0

[Event "BCF-ch 30'"]
[Site "Bradford"]
[Date "2001.10.20"]
[Round "5"]
[White "Hodgson, Julian M"]
[Black "Pert, Nicholas"]
[Result "1/2-1/2"]
[WhiteElo "2589"]
[BlackElo "2451"]
[PlyCount "103"]
[EventDate "2001.10.20"]
[EventType "swiss (rapid)"]
[EventRounds "11"]
[EventCountry "ENG"]
[SourceTitle "EXT 2002"]
[Source "ChessBase"]
[SourceDate "2001.11.25"]
[SourceVersion "1"]
[SourceVersionDate "2001.11.25"]
[SourceQuality "1"]

1. d4 e6 2. Nf3 f5 3. d5 Nf6 4. c4 Bb4+ 5. Bd2 Qe7 6. Nc3 e5 7. Qc2 Bxc3 8. Bxc3 d6 9. g3 Ne4 10. Bg2 0-0 11. 0-0 Nd7 12. b4 Nxc3 13. Qxc3 Nf6 14. Nd2 f4 15. c5 Bf5 16. Rac1 Rac8 17. Qa3 a6 18. Rc3 Qf7 19. Qb3 Qh5 20. Bf3 Ng4 21. Bxg4 Bxg4 22. f3 fxg3 23. hxg3 Bh3 24. Rf2 Qg6 25. g4 h5 26. Qc2 Qxc2 27. Rxc2 hxg4 28. Kh2 g3+ 29. Kxg3 Bf5 30. e4 Bd7 31. f4 exf4+ 32. Rxf4 Bb5 33. Nf3 Rfe8 34. Nd4 Bd3 35. Rc3 dxc5 36. Rxd3 cxd4 37. Rxd4 Re7 38. Rc4 Rd8 39. a4 Rd6 40. b5 axb5 41. axb5 c6 42. Rc5 cxd5 43. Rxd5 Rxd5 44. exd5 Rd7 45. Rf5 g6 46. Rg5 Kf7 47. Kf4 Kf6 48. Re5 Re7 49. Rg5 Rd7 50. Re5 Re7 51. Rg5 Rd7 52. Re5 1/2-1/2

[Event "BCF-ch 30'"]
[Site "Bradford"]
[Date "2001.10.20"]
[Round "6"]
[White "Sherwin, James T"]
[Black "Hodgson, Julian M"]
[Result "0-1"]
[WhiteElo "2345"]
[BlackElo "2589"]
[PlyCount "96"]
[EventDate "2001.10.20"]
[EventType "swiss (rapid)"]
[EventRounds "11"]
[EventCountry "ENG"]
[SourceTitle "EXT 2002"]
[Source "ChessBase"]
[SourceDate "2001.11.25"]
[SourceVersion "1"]
[SourceVersionDate "2001.11.25"]
[SourceQuality "1"]

1. d4 d6 2. Nf3 Bg4 3. c4 Nd7 4. Nc3 Bxf3 5. exf3 g6 6. Be3 e6 7. g3 Bg7 8. Bg2 Ne7 9. f4 Nf5 10. 0-0 0-0 11. Rc1 c6 12. Rc2 d5 13. b3 c5 14. Ne2 Nxe3 15. fxe3 dxc4 16. dxc5 Nxc5 17. Rxc4 Qb6 18. Qc2 Na6 19. Qe4 Rad8 20. Nd4 Nc5 21. Qc2 Bxd4 22. Rxd4 Rxd4 23. exd4 Nd7 24. Kh1 Nf6 25. Qc5 Qa6 26. Qc4 Qxa2 27. d5 exd5 28. Qd4 Qa6 29. Ra1 Qb6 30. Qxb6 axb6 31. Ra7 Rc8 32. Bf1 Rc1 33. Kg2 Ng4 34. Be2 Rc2 35. Kf3 Nxh2+ 36. Ke3 Rc3+ 37. Kf2 Rxb3 38. Rxb7 Rb2 39. Ke3 h5 40. f5 Kg7 41. fxg6 Kxg6 42. Rd7 Ng4+ 43. Bxg4 hxg4 44. Rxd5 f5 45. Rd8 Rg2 46. Kf4 Rf2+ 47. Ke5 Re2+ 48. Kf4 Re4# 0-1

[Event "BCF-ch 88th"]
[Site "Scarborough"]
[Date "2001.08.10"]
[Round "11"]
[White "Hodgson, Julian M"]
[Black "Wells, Peter K"]
[Result "1/2-1/2"]
[WhiteElo "2581"]
[BlackElo "2510"]
[PlyCount "85"]
[EventDate "2001.07.30"]
[EventType "swiss"]
[EventRounds "11"]
[EventCountry "ENG"]
[SourceTitle "CBM 083 Extra"]
[Source "ChessBase"]
[SourceDate "2001.09.11"]
[SourceVersion "1"]
[SourceVersionDate "2001.09.11"]
[SourceQuality "1"]

1. d4 d5 2. Bg5 h6 3. Bh4 c5 4. dxc5 Nc6 5. c3 g5 6. Bg3 Nf6 7. Nd2 d4 8. cxd4 Qxd4 9. Qc1 Nd7 10. Ngf3 Qxc5 11. Qxc5 Nxc5 12. Rc1 Nd7 13. e3 Bg7 14. Bb5 0-0 15. Bxc6 bxc6 16. b3 Ba6 17. h4 g4 18. Nd4 Bxd4 19. exd4 Rac8 20. b4 f5 21. Bf4 Rfe8 22. Nc4 Bxc4 23. Rxc4 e5 24. Bxh6 exd4+ 25. Kd1 c5 26. Bg5 a5 27. bxc5 Nxc5 28. f3 gxf3 29. gxf3 Nd3 30. Rxc8 Rxc8 31. Ke2 Ne5 32. f4 d3+ 33. Ke3 Ng4+ 34. Kf3 Rc2 35. Rd1 Rf2+ 36. Kg3 d2 37. Bd8 Re2 38. Bxa5 Re3+ 39. Kg2 Ra3 40. Bxd2 Rxa2 41. Kf3 Ra3+ 42. Ke2 Rh3 43. Be1 1/2-1/2

[Event "BCF-ch 88th"]
[Site "Scarborough"]
[Date "2001.08.08"]
[Round "9"]
[White "Lalic, Bogdan"]
[Black "Hodgson, Julian M"]
[Result "1/2-1/2"]
[WhiteElo "2528"]
[BlackElo "2581"]
[PlyCount "63"]
[EventDate "2001.07.30"]
[EventType "swiss"]
[EventRounds "11"]
[EventCountry "ENG"]
[SourceTitle "CBM 083 Extra"]
[Source "ChessBase"]
[SourceDate "2001.09.11"]
[SourceVersion "1"]
[SourceVersionDate "2001.09.11"]
[SourceQuality "1"]

1. d4 d5 2. c4 c6 3. Nc3 Nf6 4. Nf3 a6 5. a4 Bg4 6. Qb3 Ra7 7. Ne5 dxc4 8. Nxc4 b5 9. axb5 cxb5 10. Ne5 Be6 11. Qd1 Bd7 12. g3 b4 13. Na4 Bb5 14. Bg2 e6 15. 0-0 Be7 16. Re1 0-0 17. e4 Nc6 18. Be3 Nxe5 19. dxe5 Rd7 20. Qf3 Ne8 21. Nc5 Rc7 22. Nxa6 Rc6 23. Bf1 Bxf1 24. Rxf1 Qc8 25. Qe2 Nc7 26. Nxc7 Rxc7 27. Rfc1 Bc5 28. Bxc5 Rxc5 29. Qe3 Rc2 30. Rxc2 Qxc2 31. Qd4 b3 32. Ra7 1/2-1/2

[Event "BCF-ch 88th"]
[Site "Scarborough"]
[Date "2001.08.07"]
[Round "8"]
[White "Hodgson, Julian M"]
[Black "Summerscale, Aaron"]
[Result "1-0"]
[WhiteElo "2581"]
[BlackElo "2510"]
[PlyCount "103"]
[EventDate "2001.07.30"]
[EventType "swiss"]
[EventRounds "11"]
[EventCountry "ENG"]
[SourceTitle "CBM 083 Extra"]
[Source "ChessBase"]
[SourceDate "2001.09.11"]
[SourceVersion "1"]
[SourceVersionDate "2001.09.11"]
[SourceQuality "1"]

1. c4 c5 2. g3 Nf6 3. Bg2 Nc6 4. Nc3 e6 5. Nf3 d5 6. cxd5 Nxd5 7. d4 Be7 8. 0-0 0-0 9. Rb1 Bf6 10. Nxd5 Qxd5 11. dxc5 Qxc5 12. Be3 Qe7 13. Qc1 Rd8 14. Bc5 Qe8 15. b4 b6 16. b5 Na5 17. Bb4 Bb7 18. Bxa5 bxa5 19. Qe3 Qe7 20. Rfc1 h6 21. h4 Bd5 22. Ne5 Bxg2 23. Kxg2 Bxe5 24. Qxe5 Qb7+ 25. Rc6 a6 26. e4 axb5 27. Rc7 Qb6 28. Rxb5 Qd4 29. Qf4 Rd7 30. Rxd7 Qxd7 31. a4 Qd4 32. e5 Qxf4 33. gxf4 h5 34. Kf3 Rc8 35. Rxa5 Rc3+ 36. Ke4 Rc4+ 37. Ke3 Kh7 38. Ra7 Kg6 39. a5 Ra4 40. a6 Ra3+ 41. Kd4 Ra4+ 42. Kc5 Rxf4 43. Rc7 Rxf2 44. a7 Ra2 45. Kb6 Kf5 46. Rxf7+ Kxe5 47. Kb7 Kd4 48. Rd7+ Kc4 49. a8Q Rxa8 50. Kxa8 e5 51. Rxg7 e4 52. Rh7 1-0

[Event "BCF-ch 88th"]
[Site "Scarborough"]
[Date "2001.08.04"]
[Round "6"]
[White "Hodgson, Julian M"]
[Black "Turner, Matthew"]
[Result "1-0"]
[WhiteElo "2581"]
[BlackElo "2511"]
[PlyCount "125"]
[EventDate "2001.07.30"]
[EventType "swiss"]
[EventRounds "11"]
[EventCountry "ENG"]
[SourceTitle "CBM 083 Extra"]
[Source "ChessBase"]
[SourceDate "2001.09.11"]
[SourceVersion "1"]
[SourceVersionDate "2001.09.11"]
[SourceQuality "1"]

1. d4 Nf6 2. Bg5 Ne4 3. Bf4 c5 4. f3 Qa5+ 5. c3 Nf6 6. d5 Qb6 7. Bc1 e6 8. c4 exd5 9. cxd5 c4 10. e3 Bc5 11. Kf2 0-0 12. Bxc4 d6 13. Ne2 Nbd7 14. Nbc3 Ne5 15. Na4 Qb4 16. b3 Nxc4 17. bxc4 Qxc4 18. Nxc5 Qxc5 19. Nf4 g5 20. Nd3 Qxd5 21. e4 Qa5 22. Bd2 Qb5 23. Qe2 Re8 24. a4 Qb6+ 25. Be3 Qa5 26. h4 Bg4 27. Qb2 Nxe4+ 28. fxe4 Rxe4 29. Qb5 Qxb5 30. axb5 gxh4 31. Rxh4 h5 32. Rhh1 Rae8 33. Rhe1 Bd7 34. Nf4 Bxb5 35. Nxh5 R4e6 36. Bxa7 Rxe1 37. Rxe1 Rxe1 38. Kxe1 Kf8 39. Nf4 Ke7 40. Bd4 Bc6 41. Kd2 Kd7 42. Kc3 Be4 43. Kc4 Kc6 44. Be3 Bb1 45. Ne2 Ba2+ 46. Kb4 Bb1 47. g3 Bd3 48. Nd4+ Kd5 49. Kc3 Bg6 50. Bf4 Kc5 51. Nb3+ Kd5 52. Na5 b6 53. Nb7 f6 54. Kb4 Bf5 55. Nxd6 Bd3 56. Nc8 b5 57. Na7 Bc4 58. Nxb5 Bd3 59. Nc7+ Kd4 60. Ne8 f5 61. Nd6 Kd5 62. Kc3 Bb1 63. Nc4 1-0

[Event "World op 29th"]
[Site "Philadelphia"]
[Date "2001.07.07"]
[Round "6"]
[White "Solomon, Kenny"]
[Black "Hodgson, Julian M"]
[Result "0-1"]
[WhiteElo "2290"]
[BlackElo "2595"]
[PlyCount "150"]
[EventDate "2001.06.30"]
[EventType "swiss"]
[EventRounds "9"]
[EventCountry "USA"]
[SourceTitle "EXT 2002"]
[Source "ChessBase"]
[SourceDate "2001.11.25"]
[SourceVersion "1"]
[SourceVersionDate "2001.11.25"]
[SourceQuality "1"]

1. d4 d5 2. Nf3 c6 3. c4 Nf6 4. Nc3 a6 5. a4 e6 6. Bg5 Nbd7 7. e3 Qa5 8. Bxf6 Nxf6 9. Nd2 Bb4 10. Rc1 0-0 11. Bd3 c5 12. 0-0 cxd4 13. exd4 dxc4 14. Nxc4 Qd8 15. Bb1 Bd7 16. Qb3 Bxc3 17. bxc3 b5 18. axb5 Bxb5 19. Rfe1 Qd5 20. Ba2 Bxc4 21. Qxc4 Qxc4 22. Bxc4 Rfc8 23. Ba2 a5 24. Rc2 a4 25. Kf1 Nd5 26. Bxd5 exd5 27. Ke2 Re8+ 28. Kd2 Rxe1 29. Kxe1 Kf8 30. Kd2 Ke7 31. Kc1 Kd6 32. Kb2 Kc6 33. c4 Ra7 34. c5 Rb7+ 35. Kc3 Rb3+ 36. Kd2 a3 37. Ra2 Kb5 38. Rc2 Rb4 39. c6 Rxd4+ 40. Kc1 a2 41. Rxa2 Kxc6 42. Ra7 Rf4 43. f3 Kd6 44. Kd2 Ke6 45. Kd3 Rh4 46. h3 h5 47. Ra6+ Ke5 48. Ra7 Rf4 49. Ke3 h4 50. Kd3 g5 51. Rb7 f6 52. Re7+ Kf5 53. Rd7 Ra4 54. Rxd5+ Kf4 55. Rd6 f5 56. Ke2 Ra2+ 57. Kf1 Ra1+ 58. Kf2 Ra2+ 59. Kf1 Kg3 60. Rg6 Rf2+ 61. Ke1 g4 62. fxg4 f4 63. Rf6 Rxg2 64. g5 Kf3 65. g6 Rg1+ 66. Kd2 Rg3 67. Ra6 Rg5 68. Ra3+ Kg2 69. Ra4 f3 70. Rg4+ Rxg4 71. hxg4 f2 72. g7 f1Q 73. g8Q h3 74. Ke3 Qf3+ 75. Kd4 h2 0-1

[Event "BCF-chT 0001 (4NCL)"]
[Site "Birmingham"]
[Date "2001.05.05"]
[Round "9.2"]
[White "Hodgson, Julian M"]
[Black "Dishman, Stephen"]
[Result "1-0"]
[WhiteElo "2595"]
[BlackElo "2364"]
[PlyCount "85"]
[EventDate "2000.09.??"]
[EventType "team"]
[EventRounds "11"]
[EventCountry "ENG"]
[SourceTitle "EXT 2002"]
[Source "ChessBase"]
[SourceDate "2001.11.25"]
[SourceVersion "1"]
[SourceVersionDate "2001.11.25"]
[SourceQuality "1"]
[WhiteTeam "IND"]
[BlackTeam "Barbican II"]
[WhiteTeamCountry "ENG"]
[BlackTeamCountry "ENG"]

1. d4 d5 2. Bg5 f6 3. Bf4 Nc6 4. Nf3 Bg4 5. Nbd2 e6 6. Bg3 Bd6 7. c3 f5 8. Ne5 Bxe5 9. dxe5 Nge7 10. Nb3 0-0 11. f4 g5 12. Nc5 Qc8 13. Nd3 Ng6 14. Qd2 gxf4 15. Nxf4 Nxf4 16. Qxf4 Qe8 17. Bh4 Qg6 18. 0-0-0 Qg7 19. Bf6 Rxf6 20. exf6 Qxf6 21. h3 Bh5 22. g4 Bg6 23. Bg2 Rf8 24. gxf5 Bxf5 25. e4 Bxe4 26. Qxf6 Rxf6 27. Bxe4 dxe4 28. Rde1 Rf4 29. Rhg1+ Kf7 30. Rg4 Rxg4 31. hxg4 Kf6 32. Rxe4 e5 33. Kd2 Kg5 34. Rc4 h5 35. gxh5 Kxh5 36. b4 a6 37. a4 Kg5 38. b5 axb5 39. axb5 Na7 40. Rc5 Kf4 41. c4 c6 42. b6 Nc8 43. Rxc6 1-0

[Event "Bundesliga 0001"]
[Site "Germany"]
[Date "2001.04.28"]
[Round "14.4"]
[White "Hodgson, Julian M"]
[Black "Thesing, Matthias"]
[Result "1/2-1/2"]
[WhiteElo "2640"]
[BlackElo "2438"]
[PlyCount "43"]
[EventDate "2000.10.14"]
[EventType "team-tourn"]
[EventRounds "15"]
[EventCountry "GER"]
[SourceTitle "CBM 082 Extra"]
[Source "ChessBase"]
[SourceDate "2001.07.03"]
[SourceVersion "1"]
[SourceVersionDate "2001.07.03"]
[SourceQuality "1"]
[WhiteTeam "Luebeck"]
[BlackTeam "Magdeburg USC"]
[WhiteTeamCountry "GER"]
[BlackTeamCountry "GER"]

1. d4 e6 2. Nf3 d5 3. b3 Nf6 4. Bb2 Bd6 5. e3 0-0 6. Nbd2 b6 7. Bd3 Bb7 8. c4 Ne4 9. Qc2 f5 10. a3 a5 11. 0-0 Nd7 12. cxd5 exd5 13. Ne5 Qe7 14. f4 Rac8 15. Nxe4 fxe4 16. Be2 c5 17. Qd2 cxd4 18. exd4 Rc7 19. Rac1 Rxc1 20. Rxc1 Nf6 21. a4 Rc8 22. Rxc8+ 1/2-1/2

[Event "Redbus KO"]
[Site "Southend"]
[Date "2001.04.16"]
[Round "4.1"]
[White "Adams, Michael"]
[Black "Hodgson, Julian M"]
[Result "1-0"]
[WhiteElo "2750"]
[BlackElo "2595"]
[PlyCount "53"]
[EventDate "2001.04.13"]
[EventType "k.o."]
[EventRounds "4"]
[EventCountry "ENG"]
[SourceTitle "CBM 083"]
[Source "ChessBase"]
[SourceDate "2001.07.05"]
[SourceVersion "1"]
[SourceVersionDate "2001.07.05"]
[SourceQuality "1"]

1. e4 g6 2. d4 Bg7 3. Nc3 d6 4. Be3 a6 5. Qd2 b5 6. h4 h6 7. 0-0-0 Nd7 8. f4 h5 9. Nf3 Ngf6 10. Bd3 Nb6 11. f5 gxf5 12. exf5 Nc4 13. Qe1 Nxe3 14. Qxe3 Bh6 15. Ng5 Bb7 16. Kb1 Rg8 17. Nce4 Bxe4 18. Bxe4 d5 19. Bf3 Qd6 20. Rde1 Kd7 21. Re2 Ng4 22. Qb3 Bxg5 23. hxg5 c6 24. g6 Raf8 25. gxf7 Rxf7 26. Re6 Qc7 27. Rxc6 1-0

[Event "Redbus KO"]
[Site "Southend"]
[Date "2001.04.13"]
[Round "1.1"]
[White "Hodgson, Julian M"]
[Black "Rowson, Jonathan"]
[Result "1/2-1/2"]
[WhiteElo "2595"]
[BlackElo "2505"]
[PlyCount "67"]
[EventDate "2001.04.13"]
[EventType "k.o."]
[EventRounds "4"]
[EventCountry "ENG"]
[SourceTitle "CBM 083"]
[Source "ChessBase"]
[SourceDate "2001.07.05"]
[SourceVersion "1"]
[SourceVersionDate "2001.07.05"]
[SourceQuality "1"]

1. d4 Nf6 2. Bg5 e6 3. e4 h6 4. Bxf6 Qxf6 5. c3 d5 6. e5 Qd8 7. Nf3 c5 8. dxc5 Bxc5 9. Bd3 Qb6 10. Qe2 Nc6 11. 0-0 Bd7 12. b4 Be7 13. Nbd2 Rc8 14. a3 g5 15. Nb3 a5 16. Rac1 a4 17. Na1 g4 18. Nd2 Bg5 19. Rc2 Rg8 20. Kh1 Bf4 21. g3 Bxd2 22. Rxd2 Rg5 23. h4 gxh3 24. Nc2 Rxe5 25. Qg4 Rg5 26. Qh4 Rg8 27. Re1 Qd8 28. Qxh3 Qf6 29. c4 Ne5 30. Ne3 d4 31. Nf5 Bc6+ 32. Be4 exf5 33. Bxc6+ Kf8 34. Bxb7 1/2-1/2

[Event "Bundesliga 0001"]
[Site "Germany"]
[Date "2001.03.31"]
[Round "12.4"]
[White "Holzke, Frank"]
[Black "Hodgson, Julian M"]
[Result "1-0"]
[WhiteElo "2470"]
[BlackElo "2640"]
[PlyCount "79"]
[EventDate "2000.10.14"]
[EventType "team-tourn"]
[EventRounds "15"]
[EventCountry "GER"]
[SourceTitle "CBM 082 Extra"]
[Source "ChessBase"]
[SourceDate "2001.07.03"]
[SourceVersion "1"]
[SourceVersionDate "2001.07.03"]
[SourceQuality "1"]
[WhiteTeam "Wattenscheid"]
[BlackTeam "Luebeck"]
[WhiteTeamCountry "GER"]
[BlackTeamCountry "GER"]

1. e4 g6 2. d4 Bg7 3. Nc3 c6 4. Bc4 d6 5. Qe2 Nf6 6. e5 Nd5 7. Bd2 Nxc3 8. Bxc3 b5 9. Bd3 a5 10. f4 0-0 11. Nf3 b4 12. Bd2 c5 13. dxc5 dxe5 14. Nxe5 Qc7 15. 0-0-0 Nc6 16. Nxc6 Qxc6 17. Qe4 Qa4 18. Kb1 Bf5 19. Qe2 Bxd3 20. cxd3 Qb5 21. Rc1 Rac8 22. Be3 Rfd8 23. Rc4 a4 24. Rhc1 a3 25. b3 Bb2 26. R1c2 Rc6 27. Bd2 Rd4 28. Rxd4 Bxd4 29. Qxe7 Kg7 30. Qe4 Bf6 31. Qxb4 Qxd3 32. Bc3 Qf1+ 33. Rc1 Qxg2 34. Bxf6+ Rxf6 35. Qxa3 Qe4+ 36. Ka1 Kh6 37. Qb2 Rxf4 38. c6 Qe3 39. c7 Rf2 40. c8Q 1-0

[Event "Bundesliga 0001"]
[Site "Germany"]
[Date "2001.02.18"]
[Round "9.5"]
[White "Huebner, Robert"]
[Black "Hodgson, Julian M"]
[Result "1/2-1/2"]
[WhiteElo "2615"]
[BlackElo "2640"]
[PlyCount "43"]
[EventDate "2000.10.14"]
[EventType "team-tourn"]
[EventRounds "15"]
[EventCountry "GER"]
[SourceTitle "CBM 082 Extra"]
[Source "ChessBase"]
[SourceDate "2001.07.03"]
[SourceVersion "1"]
[SourceVersionDate "2001.07.03"]
[SourceQuality "1"]
[WhiteTeam "Solingen"]
[BlackTeam "Luebeck"]
[WhiteTeamCountry "GER"]
[BlackTeamCountry "GER"]

1. d4 d5 2. c4 c6 3. Nc3 Nf6 4. Nf3 a6 5. c5 Bg4 6. Ne5 Bh5 7. Qb3 Ra7 8. Bf4 Nbd7 9. e3 Nxe5 10. Bxe5 Nd7 11. Bg3 e5 12. Be2 Bxe2 13. Nxe2 Be7 14. 0-0 0-0 15. Qd3 Re8 16. b4 Bh4 17. a4 Bxg3 18. Nxg3 g6 19. e4 Nf6 20. dxe5 Rxe5 21. f4 Re8 22. e5 1/2-1/2

[Event "Frome op"]
[Site "Frome"]
[Date "2001.??.??"]
[Round "1"]
[White "Hodgson, Julian M"]
[Black "Bass, John W"]
[Result "1-0"]
[WhiteElo "2596"]
[BlackElo "2037"]
[PlyCount "45"]
[EventDate "2001.??.??"]
[EventType "swiss"]
[EventRounds "5"]
[EventCountry "ENG"]
[SourceTitle "EXT 2002"]
[Source "ChessBase"]
[SourceDate "2001.11.25"]
[SourceVersion "1"]
[SourceVersionDate "2001.11.25"]
[SourceQuality "1"]

1. d4 d5 2. Bg5 Nd7 3. c4 c6 4. cxd5 cxd5 5. Nc3 Ngf6 6. Nf3 Qa5 7. Bd2 e6 8. Rc1 a6 9. e4 Qd8 10. e5 Ne4 11. Nxe4 dxe4 12. Ng5 Be7 13. Nxe4 0-0 14. Bc4 b5 15. Bb3 Bb7 16. Qg4 Bxe4 17. Qxe4 a5 18. Bc2 g6 19. Bd3 b4 20. Bh6 Re8 21. Bb5 Ra7 22. d5 exd5 23. Qd4 1-0

[Event "Frome op"]
[Site "Frome"]
[Date "2001.??.??"]
[Round "2"]
[White "Menadue, Jeremy FS"]
[Black "Hodgson, Julian M"]
[Result "0-1"]
[WhiteElo "2190"]
[BlackElo "2596"]
[PlyCount "60"]
[EventDate "2001.??.??"]
[EventType "swiss"]
[EventRounds "5"]
[EventCountry "ENG"]
[SourceTitle "EXT 2002"]
[Source "ChessBase"]
[SourceDate "2001.11.25"]
[SourceVersion "1"]
[SourceVersionDate "2001.11.25"]
[SourceQuality "1"]

1. d4 d5 2. c4 c6 3. Nf3 Nf6 4. Nc3 a6 5. g3 b5 6. cxd5 cxd5 7. Bg2 e6 8. 0-0 Be7 9. Bf4 0-0 10. a3 Bb7 11. Qd3 Nbd7 12. Rfc1 Nh5 13. Ne5 Nxf4 14. gxf4 Nb6 15. Qh3 Bd6 16. Kh1 Qe7 17. Rg1 f6 18. Nd3 e5 19. e3 e4 20. Nc1 Nc4 21. b4 Rac8 22. N1e2 f5 23. Ng3 g6 24. Nge2 Rc7 25. Qg3 Kh8 26. h4 Rg8 27. Bh3 Qf7 28. h5 g5 29. Qh2 Nd2 30. Bg2 Nf3 0-1